| 000 | 00647nam a2200229Ia 4500 | ||
|---|---|---|---|
| 003 | OSt | ||
| 005 | 20220928120759.0 | ||
| 006 | a|||||r|||| 00| 0 | ||
| 007 | ta | ||
| 008 | 220927b |||||||| |||| 00| 0 eng d | ||
| 024 | _a52675 | ||
| 037 | _cTextual | ||
| 040 |
_aSDCL _cSDCL _beng |
||
| 041 |
_2eng _aeng |
||
| 082 | _aV42:194'N4<N1, J4 | ||
| 100 |
_aJones F C _9426410 |
||
| 245 | 0 |
_aJapan's new order in East Asia _b Its rise and fall,1937-45 |
|
| 260 |
_aOxford _bOxford University Press _c1954 |
||
| 300 |
_axii,498p _ccm. |
||
| 942 |
_hV42:194'N4<N1, J4 _cTEXL _2CC |
||
| 999 |
_c765218 _d765218 |
||